| 000 | 00603nam a22002052 4500 | ||
|---|---|---|---|
| 001 | 0000024946 | ||
| 005 | 20151217155237.0 | ||
| 008 | 140401s xx 000 0 eng d | ||
| 020 | _a080537373x : | ||
| 040 |
_aKABU _cKABU |
||
| 245 | 1 | 2 |
_aA Brief atlas of the human body / _cMatt Hutchinson ... [et al.]. |
| 250 | _a1st ed. | ||
| 260 |
_aNew York : _bPearson, _c2007. |
||
| 300 | _avii, 129 p. | ||
| 650 | 0 |
_aHuman anatomy _xAtlases. _@0000180188 |
|
| 700 | 1 |
_aHutchinson, Matt. _@0000185275 |
|
| 852 | 1 | _94450 KES | |
| 908 | _a140401 | ||
| 950 | _@1 | ||
| 999 |
_c12256 _d12256 |
||